| 000 | 00596nam a22002177a 4500 | ||
|---|---|---|---|
| 999 |
_c12765 _d12765 |
||
| 003 | MIRAKIL | ||
| 005 | 20211214000607.0 | ||
| 008 | 190220b tu ||||| |||| 00| 0 tur d | ||
| 020 | _a9789752203914 | ||
| 040 |
_aTRAn-CHP _cTRAn-CHP |
||
| 041 | _atur | ||
| 082 |
_a320.9561 _bP69k 2011 |
||
| 100 | 1 | _aPoyraz, Ergün. | |
| 245 | 1 | 0 |
_aKalpazan / _cErgün Poyraz. |
| 260 |
_aAnkara : _bBilgi Yayınevi, _c2011. |
||
| 300 |
_a468 s. ; _c20 sm. |
||
| 610 | 2 | 0 | _aAK Parti (Türkiye) |
| 650 | 0 |
_aSiyaset ve yönetim _xTürkiye _99 |
|
| 650 | 4 |
_aAKP iktidarı _91009 _xEleştiriler |
|
| 942 |
_2ddc _cBKS |
||